000 00538nam a2200205 a 4500
001 14926
003 CO-ViMGA
008 141112s2004 ck r 000 u spa d
020 _a9588108845
040 _aCO-ViMGA
_bspa
_cCO-ViMGA
082 0 4 _aCo863 C357
100 1 _aCenteno, Pacho
_921654
245 1 0 _aLa traga hombres
260 _aBucaramanga,
_ceditorial ltda,
_c2001
300 _a95.p.
505 _aFrancisco el hombre - Leyenda
650 1 4 _aCUENTOS COLOMBIANOS
650 1 4 _aLITERATURA COLOMBIANA
_91068
942 _2ddc
_cBK
999 _c25387
_d25387